000
00223nam a22000857a 4500
008
170131b xxu||||| |||| 00| 0 eng d
100
_9
2696
_a
Twain. M
245
_a
The Prince And The Paper
260
_a
England
_b
Longman Press
_c
1957
999
_c
5857
_d
5857